<?xml version="1.0" encoding="UTF-8"?>
<record
    xmlns:xsi="http://www.w3.org/2001/XMLSchema-instance"
    xsi:schemaLocation="http://www.loc.gov/MARC21/slim http://www.loc.gov/standards/marcxml/schema/MARC21slim.xsd"
    xmlns="http://www.loc.gov/MARC21/slim">

  <leader>01428nam a22001577a 4500</leader>
  <datafield tag="999" ind1=" " ind2=" ">
    <subfield code="c">523868</subfield>
    <subfield code="d">523868</subfield>
  </datafield>
  <controlfield tag="008">231010b           ||||| |||| 00| 0 eng d</controlfield>
  <datafield tag="100" ind1=" " ind2=" ">
    <subfield code="a">Gandham, Mamatha</subfield>
    <subfield code="9">44084</subfield>
  </datafield>
  <datafield tag="245" ind1=" " ind2=" ">
    <subfield code="a">Invaluable Yet undervalued Anganwadi workers, organising to be recognised </subfield>
  </datafield>
  <datafield tag="260" ind1=" " ind2=" ">
    <subfield code="a">Social Scientist  </subfield>
  </datafield>
  <datafield tag="300" ind1=" " ind2=" ">
    <subfield code="a">51(7-8), Jul-Aug, 2023: p.39-50</subfield>
  </datafield>
  <datafield tag="520" ind1=" " ind2=" ">
    <subfield code="a">Public policy in India views women&#x2019;s labour, especially care work, through a narrow, gendered lens. This is evident from how the government of India (Got) treats Anganwadi workers and helpers, who from an exclusively family workfare working at the grassroots level of the integrated child development services (ICDS), a flagship progrmme of the gol. There are approximately 2.6   million Anganwadi works and helpers employed in the ICDS scheme (EPW editorial 2009). This paper examines the state&#x2019;s perception of women&#x2019;s work and its approach to care work, by discussing the issues of Anganwadi workers and helpers. The paper fouces on how these works joined together to gain collective voice and how, through unionizing they sought to improve their working and living conditions. It analyses the role played by the all India federation of Anganwadi workers and Helpers (AIFAWH), in organsing these works and the impact it had on them.- Reproduced </subfield>
  </datafield>
  <datafield tag="650" ind1=" " ind2=" ">
    <subfield code="a">Anganwadi workers, Women labours</subfield>
    <subfield code="9">44085</subfield>
  </datafield>
  <datafield tag="773" ind1=" " ind2=" ">
    <subfield code="a">Social Scientist  </subfield>
  </datafield>
  <datafield tag="906" ind1=" " ind2=" ">
    <subfield code="a">LABOURS</subfield>
  </datafield>
  <datafield tag="942" ind1=" " ind2=" ">
    <subfield code="c">AR</subfield>
  </datafield>
  <datafield tag="952" ind1=" " ind2=" ">
    <subfield code="0">0</subfield>
    <subfield code="1">0</subfield>
    <subfield code="2">ddc</subfield>
    <subfield code="4">0</subfield>
    <subfield code="7">0</subfield>
    <subfield code="9">398915</subfield>
    <subfield code="a">IIPA</subfield>
    <subfield code="b">IIPA</subfield>
    <subfield code="d">2023-10-10</subfield>
    <subfield code="h">51(7-8), Jul-Aug, 2023: p.39-50</subfield>
    <subfield code="p">AR129750</subfield>
    <subfield code="r">2023-10-10</subfield>
    <subfield code="y">AR</subfield>
  </datafield>
</record>
